000 00412pab a2200157 454500
008 180718b2007 xxu||||| |||| 00| 0 eng d
100 _aRadhakrishna, Meena
245 _aCivil society's uncivil acts: dancing bear and starving kalandar
260 _c2007
300 _ap.4222-226.
362 _a20 Oct
650 _aCivil society
773 _aEconomic and Political Weekly
908 _aN
909 _a76284
999 _c76284
_d76284